| 000 | 00976nam0a2200289 4500 | ||
|---|---|---|---|
| 001 | RU\NLR\bibl\1783652 | ||
| 005 | 20250616135824.0 | ||
| 010 |
_a978-5-17-033576-3 _bАСТ |
||
| 010 |
_a978-5-271-34366-7 _bАстрель |
||
| 010 |
_a978-5-4215-1972-0 _bПолиграфиздат _97000 |
||
| 021 |
_aRU _b2011-40155 _92854 |
||
| 035 | _a(NLR Aleph) 001774390 | ||
| 090 |
_a1658008 _c1658008 |
||
| 100 | _a20110629d2011 |||y0rusy50 ca | ||
| 101 | 1 |
_arus _ceng |
|
| 102 | _aRU | ||
| 105 | _ay ||||||||| | ||
| 200 | 1 |
_aКолыбельная _e[роман] _fЧак Паланик _g[пер. с англ. Т.Ю. Покидаевой] |
|
| 210 |
_aМосква _cАСТ [и др.] _d2011 |
||
| 215 |
_a285, [1] с. _d17 |
||
| 225 | 1 | _aАльтернатива | |
| 700 | 1 |
_4070 _7ca _8rus _aПаланик _bЧ. _f1962- _gЧак _9217774 _3RU\NLR\AUTH\770217830 |
|
| 801 | 0 |
_aRU _bNLR _c20110629 _gRCR |
|
| 801 | 1 |
_aRU _bNLR _c20110629 |
|
| 942 | _cBOOK | ||
| 980 | _aNB | ||